Digimon Adventure 02 - Statistics

General Stats
  • This quiz has been taken 217 times
  • The average score is 19 of 30
Answer Stats
Partner Hint Answer % Correct
Davis Rookie Veemon
96%
Kari Champion Gatomon
84%
TK Rookie Patamon
82%
Davis Armor Digivolve (Digi-Egg of Courage) Flamedramon
81%
Yolei Rookie Hawkmon
81%
TK Champion Angemon
79%
Kari Ultimate Angewomon
77%
Ken Champion Stingmon
77%
Ken Rookie Wormmon
77%
Davis Champion ExVeemon
75%
Cody Rookie Armadillomon
73%
TK Armor Digivolve (Digi-Egg of Hope) Pegasusmon
69%
Kari Rookie Salamon
69%
Yolei Champion Aquilamon
67%
Davis In Training DemiVeemon
67%
Davis and Ken DNA Digivolve Paildramon
67%
Davis and Ken DNA Digivolve Mega Level Imperialdramon
66%
Davis Armor Digivolve (Digi-Egg of Miracles) Magnamon
66%
Davis Armor Digivolve (Digi-Egg of Friendship) Raidramon
66%
Cody Armor Digivolve (Digi-Egg of Knowledge) Digmon
64%
Cody Armor Digivolve (Digi-Egg of Reliability) Submarimon
62%
Kari Armor Digivolve (Digi-Egg of Light) Nefertimon
61%
Cody Champion Ankylomon
56%
Yolei Armor Digivolve (Digi-Egg of Sincerity) Shurimon
54%
Yolei Armor Digivolve (Digi-Egg of Love) Halsemon
51%
Yolei and Kari DNA Digivolve Silphymon
45%
Cody and TK DNA Digivolve Shakkoumon
41%
Cody In Training Upamon
32%
Ken Baby form Leafmon
31%
Yolei In Training Poromon
31%
No matching quizzes found
Score Distribution
Percent of People with Each Score
Percentile by Number Answered
Your Score History
You have not taken this quiz